书目信息 |
| 题名: |
社会主义优越性问题分析
|
|
| 作者: | 张一 著 | |
| 分册: | ||
| 出版信息: | 天津 天津人民出版社 1982 |
|
| 页数: | 141页 | |
| 开本: | 19cm | |
| 丛书名: | ||
| 单 册: | ||
| 中图分类: | D033.4 | |
| 科图分类: | ||
| 主题词: | 社会主义制度--研究 | |
| 电子资源: | ||
| ISBN: | ||
| 000 | 00622nam0 2200229 45 | |
| 001 | 0182006366 | |
| 005 | 20070926102536.17 | |
| 010 | @dCNY0.35 | |
| 091 | @aCN@b3072.572 | |
| 100 | @a19950517d1982 emky0chiy0121 ea | |
| 101 | 0 | @achi |
| 102 | @aCN@b120000 | |
| 105 | @ay z 000yy | |
| 200 | 10 | @a社会主义优越性问题分析@Ashe hui zhu yi you yue xing wen ti fen xi@f张一著 |
| 210 | @a天津@c天津人民出版社@d1982 | |
| 215 | @a141页@d19cm | |
| 606 | @a社会主义制度@x研究 | |
| 690 | @aD033.4@v3 | |
| 701 | 0 | @a张一@Azhang yi@4著 |
| 801 | 2 | @aCN@bNLC@c20070926 |
| 801 | 0 | @aCN@bTSSF@c20060731 |
| 905 | @a10447@dD033.4@e41 | |
| 社会主义优越性问题分析/张一著.-天津:天津人民出版社,1982 |
| 141页;19cm |
| ISBN :CNY0.35 |
| ● |
| 相关链接 |
|
|
|
|
正题名:社会主义优越性问题分析
索取号:D033.4/41
 
预约/预借
| 序号 | 登录号 | 条形码 | 馆藏地/架位号 | 状态 | 备注 |
| 1 | 0440382 | 204403822 | 密集书库/ [索取号:D033.4/41] | 在馆 | |
| 2 | 0441037 | 204410379 | 密集书库/ [索取号:D033.4/41] | 在馆 | |
| 3 | 0609419 | 206094199 | 密集书库/ [索取号:D033.4/41] | 在馆 |